KAYIP RUH DOLUNAY KAPISI (Record no. 775114)

MARC details
000 -LEADER
sabit uzunluktaki kontrol alanı 00263nam a2200097Ia 4500
001 - KONTROL NUMARASI
kontrol alanı 775114
005 - EN SON İŞLEMİN TARİH VE ZAMANI
kontrol alanı 20250826165823.0
008 - SABİT-UZUNLUKTA VERİ ÖĞELERİ--GENEL BİLGİ
sabit uzunluktaki kontrol alanı 250824s9999 xx 000 0 und d
245 #0 - ESER / YAZAR
ESER ADI KAYIP RUH DOLUNAY KAPISI
Yazar Adı NESRİN AYDIN ERDEM
260 ## - YAYIN, DAĞITIM, VB.
YAYIN EVİ ÇOCUK GEZEGENİ YAYINLARI
Holdings
Düşüm durumu Kayıp durumu Hasar Durumu Ödünç verilmez Ana kütüphane Geçerli Kütüphane Edinilen tarih Toplam ödünç verme sayısı Barkod Son görüntüleme tarihi Fiyatın geçerli olmaya başladığı tarih Koha materyal türü
        SANCAK ORTAOKULU SANCAK ORTAOKULU 24.08.2025   10342971 26.08.2025 26.08.2025 Books